Dictionnaire de l'archéologic / (Record no. 123351)

MARC details
000 -LEADER
campo de control de longitud fija 00576nam a2200193 4500
001 - NÚMERO DE CONTROL
campo de control 123351
003 - IDENTIFICADOR DE NÚMERO DE CONTROL
campo de control ES-MaACL
007 - CAMPO FIJO DE DESCRIPCIÓN FÍSICA--INFORMACIÓN GENERAL
campo de control de longitud fija t|
008 - DATOS DE LONGITUD FIJA--INFORMACIÓN GENERAL
campo de control de longitud fija 070214s1983 fr r ||||1| fre d
100 1# - ENTRADA PRINCIPAL--NOMBRE DE PERSONA
Nombre de persona Rachet, Guy.
9 (RLIN) 94878
245 10 - MENCIÓN DEL TÍTULO
Título Dictionnaire de l'archéologic /
Mención de responsabilidad, etc. Guy Rachet ; avec la collaboration de Louis Frédéric.
260 ## - PUBLICACIÓN, DISTRIBUCIÓN, ETC.
Lugar de publicación, distribución, etc. Paris :
Nombre del editor, distribuidor, etc. Robert Laffont,
Fecha de publicación, distribución, etc. 1983.
300 ## - DESCRIPCIÓN FÍSICA
Extensión III, 1052 p. :
Otras características físicas il. ;
Dimensiones 20 cm.
490 1# - MENCIÓN DE SERIE
Mención de serie Bouquins
700 1# - ENTRADA AGREGADA--NOMBRE PERSONAL
Nombre de persona Frédéric, Louis.
9 (RLIN) 52408
830 0# - PUNTO DE ACCESO ADICIONAL DE SERIE-TÍTULO UNIFORME
Título uniforme Bouquins
9 (RLIN) 184870
852 ## - LOCALIZACIÓN
Ubicación ES-MaACL
Número de control de estantería L-7690
Sublocalización o colección R.108083
Holdings
Estatus retirado Estado de pérdida Estado de daño No para préstamo Biblioteca de origen Biblioteca actual Ubicación en estantería Fecha de adquisición Fuente de adquisición Total de préstamos Signatura topográfica completa Código de barras Visto por última vez Precio de reemplazo Tipo de ítem Koha
        Biblioteca del Ateneo de Madrid Biblioteca del Ateneo de Madrid Depósito 2 17/01/2008     L-7690 1128524 23/02/2023 23/02/2023 Libro impreso